000 00990nam a2200265Ia 4500
003 OSt
005 20220923211138.0
006 a|||||r|||| 00| 0
007 ta
008 220922b |||||||| |||| 00| 0 hin d
020 _a8185999759 (hbk)
_c550
024 _a233,281
037 _b418, 28/02/2008, University Book House
_cTextual
040 _aARTS
_cARTS
_bhin
041 _2hin
_ahin
082 _aO152:g, P4
100 _aवाजपेयी, नंददुलारे
_9158728
245 0 _aहिंदी साहित्य
_b रचना और विचार
246 _aHiandī sāhitya: rachanā aur vichāra
260 _aदिल्ली
_b स्वराज प्रकाशन
_c2004
300 _a135पृ.
_ccm.
650 _aहिन्दी साहित्य
_9156264
942 _hO152:g, P4
_cTEXL
_2CC
999 _c295924
_d295924